Flaggen mit Grün - Sudden Death - Statistiken

Allgemein
  • Dieses Quiz wurde 146 mal gespielt
  • Das Durchschnittsergebnis liegt bei 12 aus 24
Answers on the Grid
Answers color-coded by a green-red scale on the quiz's grid according to % correct below.
Saudi-Arabien
Bangladesch
Bulgarien
Kamerun
Madagaskar
Äthiopien
Gabun
Gambia
Grenada
Salomon-Inseln
Kuwait
Malawi
Mali
Mosambik
Niger
Portugal
Senegal
Südsudan
Surinam
Tadschikistan
Vanuatu
Simbabwe
St. Kitts und Nevis
Mauritius
Angola
Argentinien
Österreich
Nordkorea
Costa Rica
Philippinen
Georgien
Frankreich
Indonesien
Island
Laos
Lettland
Mongolei
Nepal
Palau
Peru
Katar
Vereinigtes Königreich
Rumänien
Demokratische Republik Kongo
Schweden
Schweiz
Thailand
Trinidad und Tobago
 
Antwortstatistiken
Antwort % Korrekt
Bulgarien
81%
Portugal
79%
Saudi-Arabien
74%
Niger
66%
Bangladesch
64%
Kamerun
60%
Äthiopien
51%
Madagaskar
51%
Senegal
51%
Mali
49%
Mauritius
47%
Südsudan
45%
Gabun
43%
Mosambik
43%
St. Kitts und Nevis
43%
Surinam
43%
Gambia
42%
Kuwait
40%
Simbabwe
38%
Grenada
34%
Tadschikistan
34%
Malawi
32%
Salomon-Inseln
30%
Vanuatu
19%
Keine übereinstimmenden Quizze gefunden
Verteilung der Resultate
Anzahl Personen mit jedem Resultat
Perzentil nach korrekt beantworteten Fragen
Ihre Resultats-Entwicklung
Sie haben dieses Quiz noch nicht gespielt